|
|
|
|
| LEADER |
01747cas a2200241 a 4500 |
| 001 |
AALejournalIMF015474 |
| 008 |
230101c9999 xx r poo 0 0eng d |
| 020 |
|
|
|c 5.00 USD
|
| 020 |
|
|
|z 9781513526744
|
| 022 |
|
|
|a 1934-7685
|
| 040 |
|
|
|a BD-DhAAL
|c BD-DhAAL
|
| 110 |
2 |
|
|a International Monetary Fund.
|b Fiscal Affairs Dept.
|
| 245 |
1 |
0 |
|a Zambia :
|b Technical Assistance Report-Towards an Integrated Legal Framework for Public Financial Management.
|
| 264 |
|
1 |
|a Washington, D.C. :
|b International Monetary Fund,
|c 2015.
|
| 300 |
|
|
|a 1 online resource (58 pages)
|
| 490 |
1 |
|
|a IMF Staff Country Reports
|
| 500 |
|
|
|a <strong>Off-Campus Access:</strong> No User ID or Password Required
|
| 500 |
|
|
|a <strong>On-Campus Access:</strong> No User ID or Password Required
|
| 506 |
|
|
|a Electronic access restricted to authorized BRAC University faculty, staff and students
|
| 520 |
3 |
|
|a This Technical Assistance report proposes a roadmap for completing the process of drafting and adopting an Integrated Legal Framework for Public Financial Management (PFM) in Zambia. The legal framework for PFM in Zambia is fragmented, and much of it is outdated. The government has prioritized a revision of the existing legal framework for PFM and national development planning. This revision will permit a range of important PFM reforms that are ongoing or planned to be incorporated within the legal framework. An updated legal framework would also permit other important improvements in current practices to be incorporated.
|
| 538 |
|
|
|a Mode of access: Internet
|
| 830 |
|
0 |
|a IMF Staff Country Reports; Country Report ;
|v No. 2015/240
|
| 856 |
4 |
0 |
|z Full text available on IMF
|u http://elibrary.imf.org/view/journals/002/2015/240/002.2015.issue-240-en.xml
|z IMF e-Library
|